| 000 | 00417nmm a2200157Ia 4500 | ||
|---|---|---|---|
| 008 | 251105s9999||||xx |||||||||||||||||und|| | ||
| 020 | _a9788435063333 | ||
| 041 | _aspa | ||
| 100 | _aMolina, Carolina | ||
| 245 | 0 | _aLos ojos de Galdós | |
| 264 |
_a[Madrid, España] : _bEdhasa, _c2019 |
||
| 300 | _a512 páginas | ||
| 650 | _aBiography | ||
| 856 | _uhttps://public.digitaliapublishing.com/a/103644 | ||
| 942 | _cCF | ||
| 999 |
_c82222 _d82222 |
||